No punches pulled (Record no. 74011)
[ view plain ]
| 000 -LEADER | |
|---|---|
| fixed length control field | 01893cab a2200289 4500 |
| 001 - CONTROL NUMBER | |
| control field | ABS67341 |
| 008 - FIXED-LENGTH DATA ELEMENTS--GENERAL INFORMATION | |
| fixed length control field | 040105n2003 000 0 eng u |
| 035 ## - SYSTEM CONTROL NUMBER | |
| System control number | (Sirsi) u124709 |
| 100 ## - MAIN ENTRY--PERSONAL NAME | |
| Personal name | Winkley, R. |
| 245 ## - TITLE STATEMENT | |
| Title | No punches pulled |
| 260 ## - PUBLICATION, DISTRIBUTION, ETC. | |
| Date of publication, distribution, etc. | 2003 |
| 490 ## - SERIES STATEMENT | |
| Series statement | Planning (for the Natural and Built Environment) |
| Volume/sequential designation | (1550) 19 December 2003, 14-15(2) |
| 520 ## - SUMMARY, ETC. | |
| Summary, etc. | Examines HM Treasury's review of housing supply compiled by Kate Barker. The interim report has been welcomed as one of the best analyses of the dire state of the UK house building industry to date. The review suggests that both the building industry and planning policies are partly to blame for the problems associated with record low levels of house building in the UK. Housing undersupply is confirmed as a core driver of house price inflation and housing land supply is seen as the key factor affecting the number of housing completions. It characterises the house building industry as reluctant to invest in brownfield development and low in levels of innovation and considers the planning system as too complex and slow. It draws out some external constraints affecting the delivery of new housing. Looks at how the Barker review will rekindle the brownfield-greenfield debate. The Barker review is available at www.hm-treasury.gov.uk/. |
| 590 ## - LOCAL NOTE (RLIN) | |
| Local note | ABS |
| 650 ## - SUBJECT ADDED ENTRY--TOPICAL TERM | |
| Topical term or geographic name entry element | BARKER REVIEW OF HOUSING SUPPLY: SECURING OUR FUTURE HOUSING NEEDS |
| 650 ## - SUBJECT ADDED ENTRY--TOPICAL TERM | |
| Topical term or geographic name entry element | HOUSING SUPPLY |
| 650 ## - SUBJECT ADDED ENTRY--TOPICAL TERM | |
| Topical term or geographic name entry element | LAND SUPPLY |
| 650 ## - SUBJECT ADDED ENTRY--TOPICAL TERM | |
| Topical term or geographic name entry element | GREENFIELD SITES |
| 650 ## - SUBJECT ADDED ENTRY--TOPICAL TERM | |
| Topical term or geographic name entry element | BROWNFIELD SITES |
| 650 ## - SUBJECT ADDED ENTRY--TOPICAL TERM | |
| Topical term or geographic name entry element | HOUSE BUILDING INDUSTRY |
| 650 ## - SUBJECT ADDED ENTRY--TOPICAL TERM | |
| Topical term or geographic name entry element | HOUSE PRICE INFLATION |
| 650 ## - SUBJECT ADDED ENTRY--TOPICAL TERM | |
| Topical term or geographic name entry element | PLANNING SYSTEM |
| 650 ## - SUBJECT ADDED ENTRY--TOPICAL TERM | |
| Topical term or geographic name entry element | HOUSE COMPLETIONS |
| 690 ## - LOCAL SUBJECT ADDED ENTRY--TOPICAL TERM (OCLC, RLIN) | |
| Topical term or geographic name as entry element | HOUSING-DEVELOPMENT |
| 856 ## - ELECTRONIC LOCATION AND ACCESS | |
| Uniform Resource Identifier | <a href="https://www.hm-treasury.gov.uk/consultations_and_legislation/barker/consult_barker_index.cfm">https://www.hm-treasury.gov.uk/consultations_and_legislation/barker/consult_barker_index.cfm</a> |
| Public note | View the Barker Review on the HM Treasury website... |
| 942 ## - ADDED ENTRY ELEMENTS (KOHA) | |
| Suppress in OPAC | 0 |
| Withdrawn status | Lost status | Source of classification or shelving scheme | Damaged status | Not for loan | Home library | Current library | Shelving location | Date acquired | Total Checkouts | Full call number | Barcode | Date last seen | Copy number | Price effective from | Koha item type |
|---|---|---|---|---|---|---|---|---|---|---|---|---|---|---|---|
| Dewey Decimal Classification | London | London | Journal article | 05/01/2004 | ABS67341 | 124709-1001 | 06/08/2019 | 1 | 06/08/2019 | Journal article |